| 000 | 00656nam a2200181 a 4500 | ||
|---|---|---|---|
| 001 | 000035242 | ||
| 005 | 20200930074211.0 | ||
| 008 | 111026s1958 mx a 000 0 spa d | ||
| 040 |
_aDO-SdBNP _bspa _cBNPHU |
||
| 082 |
_axxx _bG194e |
||
| 100 | 1 |
_aGamow, G _961002 |
|
| 240 | 0 | 1 | _aMr. Tompkins in Wonderland |
| 245 | 1 | 0 |
_aEn el país de las maravillas. : _brelatividad y cuantos / _cG. Gamow; traducción Juan Almela Castell. |
| 260 |
_aMéxico, : _bFondo de cultura económica, _c1958. |
||
| 300 |
_a116 p. : _bil. ; _c17 cm. |
||
| 590 | _aPerteneció a la biblioteca personal de Juan Isidro Jimenes Grullón | ||
| 700 | 1 |
_aAlmela Castell, Juan _etrad. _960410 |
|
| 999 |
_c34733 _d34733 |
||